History Quiz

Random History or Year Quiz

Presidents by Term Quiz Stats

 Plays Quiz Updated Jan 20, 2017

Challenge
Share
Tweet
Embed
Score 0/10 Timer 02:00
6 Plays Today
Years President % Correct
8Thomas Jefferson…
96.5%
12Franklin D. Roosevelt
95.9%
4Abraham Lincoln…
81.7%
3John F. Kennedy…
63.1%
0William Henry Harrison
60.9%
6Calvin Coolidge & Richard Nixon
50.8%
5Lyndon Johnson & William McKinley
49.9%
2Gerald Ford & Warren Harding
46.5%
1Zachary Taylor & James Garfield
42.9%
7Theodore Roosevelt
29.3%

You're not logged in!

Compare scores with friends on all Sporcle quizzes.
OR
Log In

You Might Also Like...

Show Comments

Extras

Top Quizzes Today


Score Distribution

Your Account Isn't Verified!

In order to create a playlist on Sporcle, you need to verify the email address you used during registration. Go to your Sporcle Settings to finish the process.

Report this User

Report this user for behavior that violates our Community Guidelines.

Details: